Polskie lotniska nazwane za sławnymi osobami. - Statystyki

Ogólne statystyki
  • Ten quiz został rozwiązany 60 razy
  • Średni wynik to 4 z 7
Statystyki odpowiedzi
Wskazówka Miasto Osoba % Poprawnych
Sławny kompozytor Warszawa Frederyk Chopin
92%
Prezydent Polski w latach 1990-95. Gdańsk Lech Wałęsa
82%
Twórca heliocentrycznego modelu Układu Słonecznego Wrocław Mikołaj Kopernik
78%
Papież Kraków Jan Paweł II
75%
Wygrał nagrodę nobla w literaturze Łódź Władysław Reymont
57%
Kompozytor, skrzypek. Poznań Henryk Wieniawski
31%
Premier w I WŚ Bydgoszcz Ignacy Jan Paderewski
20%
Nie znaleziono quizów pasujących do podanych kryteriów
Rozkład punktacji
Procent ludzi z każdym wynikiem
Percentyl według liczby udzielonych odpowiedzi
Twoja historia wyników
Nie rozwiązałeś tego quizu